El Panamericanismo: su evolución histórica y esencia
محفوظ في:
| مؤلف مشترك: | |
|---|---|
| التنسيق: | نص |
| منشور في: |
Moscú:
Academia de Ciencias de la URSS
|
| الطبعة: | 2 |
| الوسوم: |
إضافة وسم
لا توجد وسوم, كن أول من يضع وسما على هذه التسجيلة!
|
MARC
| LEADER | 00000 a a2200000 04500 | ||
|---|---|---|---|
| 001 | 25009 | ||
| 003 | |||
| 040 | |||
| 090 | |a 176900 | ||
| 110 | |a Academia de Ciencias de la URSS | ||
| 245 | |a El Panamericanismo: su evolución histórica y esencia | ||
| 250 | |a 2 | ||
| 260 | |a Moscú: |b Academia de Ciencias de la URSS | ||
| 300 | |a 223 p. | ||
| 999 | |c 1495 |d 1495 | ||
